书目信息 |
| 题名: |
蝶恋花
|
|
| 作者: | 戴英录 编剧 | |
| 分册: | ||
| 出版信息: | 北京 人民文学出版社 1979 |
|
| 页数: | 147页 | |
| 开本: | 19cm | |
| 丛书名: | ||
| 单 册: | ||
| 中图分类: | I232.7 | |
| 科图分类: | ||
| 主题词: | 戏剧文学--剧本--中国 | |
| 电子资源: | ||
| ISBN: | ||
| 000 | 00582nam0 2200229 45 | |
| 001 | 0179003104 | |
| 005 | 20040311170041.5 | |
| 010 | @dCNY0.40 | |
| 091 | @a10019.2682 | |
| 100 | @a19950719d1979 em y0chiy0121 ea | |
| 101 | 0 | @achi |
| 102 | @aCN@b110000 | |
| 105 | @af z 000by | |
| 106 | @ar | |
| 200 | 10 | @a蝶恋花@Adie lian hua@e京剧@f戴英录等编剧 |
| 210 | @a北京@c人民文学出版社@d1979 | |
| 215 | @a147页@c剧照@d19cm | |
| 606 | 0 | @a戏剧文学@x剧本@x中国 |
| 690 | @aI232.7 | |
| 701 | 0 | @a戴英录@Adai ying lu@4编剧 |
| 801 | 0 | @aCN@bNLC@c20040311 |
| 905 | @f1@b7980@dI232.7@e4 | |
| 蝶恋花:京剧/戴英录等编剧.-北京:人民文学出版社,1979 |
| 147页:剧照;19cm |
| ISBN :CNY0.40 |
| ● |
| 相关链接 |
|
|
|
|
正题名:蝶恋花
索取号:I232.7/4
 
预约/预借
| 序号 | 登录号 | 条形码 | 馆藏地/架位号 | 状态 | 备注 |
| 1 | 0007980 | 001897889 | 密集书库/ [索取号:I232.7/4] | 在馆 |